| 000 | 00439nam a22001457a 4500 | ||
|---|---|---|---|
| 005 | 20170517143931.0 | ||
| 008 | 170517b xxu||||| |||| 00| 0 eng d | ||
| 040 | _cPK-LaUMT | ||
| 082 |
_aZIAC 297.01 _bFAT-A |
||
| 100 | _aFatehi Hassan | ||
| 245 |
_aAl Atta ul fikri lil Shaekh Muhammad Ghazali/ _cFatehi Hassan |
||
| 260 |
_aبیروت: _bالمعھد العالمی للفکر الاسلامی، _c1996 |
||
| 300 | _a260 ص | ||
| 942 | _cBK | ||
| 999 |
_c93720 _d93720 |
||